<?xml version="1.0" encoding="UTF-8"?>
<record
    xmlns:xsi="http://www.w3.org/2001/XMLSchema-instance"
    xsi:schemaLocation="http://www.loc.gov/MARC21/slim http://www.loc.gov/standards/marcxml/schema/MARC21slim.xsd"
    xmlns="http://www.loc.gov/MARC21/slim">

  <leader>02415nab a22003017a 4500</leader>
  <datafield tag="999" ind1=" " ind2=" ">
    <subfield code="c">6352</subfield>
    <subfield code="d">6352</subfield>
  </datafield>
  <controlfield tag="003">OSt</controlfield>
  <controlfield tag="005">20260131193604.0</controlfield>
  <controlfield tag="008">190603e        xxum|||| |||| 00| 0 spa d</controlfield>
  <datafield tag="040" ind1=" " ind2=" ">
    <subfield code="c">PJ</subfield>
  </datafield>
  <datafield tag="100" ind1=" " ind2=" ">
    <subfield code="9">7008</subfield>
    <subfield code="a">Abbas, Ana </subfield>
  </datafield>
  <datafield tag="245" ind1="1" ind2="0">
    <subfield code="a">Suspensi&#xF3;n de la cobertura por mora en el pago de la prima /</subfield>
    <subfield code="c">Ana Abbas.</subfield>
  </datafield>
  <datafield tag="260" ind1=" " ind2=" ">
    <subfield code="c">Ciudad Aut&#xF3;noma de Buenos Aires :</subfield>
    <subfield code="a">Thomson Reuters La Ley, </subfield>
    <subfield code="b">2025.</subfield>
  </datafield>
  <datafield tag="300" ind1=" " ind2=" ">
    <subfield code="a">p. 57-65</subfield>
  </datafield>
  <datafield tag="500" ind1=" " ind2=" ">
    <subfield code="a">Cita: TR LALEY AR/DOC/2900/2025 
Publicado en: RCCyC 2025 (Diciembre).</subfield>
  </datafield>
  <datafield tag="505" ind1=" " ind2=" ">
    <subfield code="a">Sumario: I. Introducci&#xF3;n.&#x2014; II. Fundamento legal y contractual de la suspensi&#xF3;n de la cobertura por falta de pago de la prima.&#x2014; III. El hecho t&#xE9;cnico &#xED;nsito en la actividad aseguradora. La suspensi&#xF3;n de la cobertura por falta de pago oportuno de la prima como consecuencia de la t&#xE9;cnica aseguradora.&#x2014; IV. La suspensi&#xF3;n de la cobertura por falta de pago de la prima no requiere interpelaci&#xF3;n judicial o extrajudicial alguna ni constituci&#xF3;n en mora.&#x2014; V. La "costumbre" de pago fuera de los vencimientos no implica novaci&#xF3;n sobre el contrato ni modifica las disposiciones de la ley.&#x2014; VI. El pago tard&#xED;o de la prima reactiva para el futuro la cobertura suspendida.&#x2014; VII. La tenencia de una constancia de seguro obligatorio automotor no acredita cobertura financiera.&#x2014; VIII. Preminencia de la Ley de Seguros sobre la Ley de Defensa del Consumidor. Criterio de la CS.&#x2014; IX. Las cl&#xE1;usulas generales y particulares del contrato de seguro no son cl&#xE1;usulas predispuestas por la aseguradora.&#x2014; X. La cl&#xE1;usula de cobranza del premio y su incidencia en la relaci&#xF3;n precio-servicio. Consecuente imposibilidad de declararla abusiva.&#x2014; XI. La funci&#xF3;n social del seguro obligatorio automotor. Su correcto entendimiento. Criterio de la CS.&#x2014; XII. Conclusiones. </subfield>
  </datafield>
  <datafield tag="505" ind1=" " ind2=" ">
    <subfield code="t">&#xBF;Te interesa el texto completo? Solicitalo al correo: koha@justierradelfuego.gov.ar</subfield>
  </datafield>
  <datafield tag="650" ind1=" " ind2="0">
    <subfield code="9">1497</subfield>
    <subfield code="a">CODIGO CIVIL Y COMERCIAL</subfield>
  </datafield>
  <datafield tag="650" ind1=" " ind2="0">
    <subfield code="9">1921</subfield>
    <subfield code="a">SEGUROS</subfield>
  </datafield>
  <datafield tag="650" ind1=" " ind2="0">
    <subfield code="9">2725</subfield>
    <subfield code="a">MORA</subfield>
  </datafield>
  <datafield tag="650" ind1=" " ind2="0">
    <subfield code="9">2600</subfield>
    <subfield code="a">LEY DE DEFENSA DEL CONSUMIDOR</subfield>
  </datafield>
  <datafield tag="650" ind1=" " ind2="0">
    <subfield code="9">2608</subfield>
    <subfield code="a">DERECHOS DEL CONSUMIDOR</subfield>
  </datafield>
  <datafield tag="650" ind1=" " ind2="0">
    <subfield code="9">3951</subfield>
    <subfield code="a">DEBER DE INFORMACI&#xD3;N</subfield>
  </datafield>
  <datafield tag="650" ind1=" " ind2="0">
    <subfield code="a">OBLIGACIONES DEL ASEGURADO</subfield>
  </datafield>
  <datafield tag="650" ind1=" " ind2="0">
    <subfield code="a">ASEGURADO</subfield>
    <subfield code="9">4314</subfield>
  </datafield>
  <datafield tag="650" ind1=" " ind2="0">
    <subfield code="a">PRIMA DE SEGURO</subfield>
  </datafield>
  <datafield tag="773" ind1="0" ind2=" ">
    <subfield code="0">2713</subfield>
    <subfield code="9">3170</subfield>
    <subfield code="d">Ciudad Aut&#xF3;noma de Buenos Aires : Thomson Reuters La Ley, 2015-</subfield>
    <subfield code="t">Revista C&#xF3;digo Civil y Comercial. N&#xBA; 6 - Diciembre 2025</subfield>
  </datafield>
  <datafield tag="942" ind1=" " ind2=" ">
    <subfield code="2">udc</subfield>
    <subfield code="c">ANA</subfield>
  </datafield>
</record>
